Wisconsin Geography Quiz - Sudden Death - Statistics

General Stats
  • This quiz has been taken 632 times
  • The average score is 13 of 20
Answers on the Grid
Answers color-coded by a green-red scale on the quiz's grid according to % correct below.
Adirondack Mountains
Ann Arbor
Apostle Islands
Chesapeake Bay
Cleveland
Detroit
Door Peninsula
Eau Claire
Finger Lakes
Flint
Fox River
Glacier National Park
Grand Traverse Bay
Great Salt Lake
Green Bay
Kalamazoo
Kenosha
Kettle Moraine
Lake Michigan
Lake Ontario
Lake Superior
Lake Tahoe
Lake Winnebago
Laura Ingalls Wilder Cabin
Long Island Sound
Lower Peninsula
Mackinac Island
Madison
Milwaukee
Missouri River
National Historic Cheesemaking Center Museum
Niagara Falls
Ohio River
Oshkosh
Peshtigo Fire Museum
Sheboygan
The Thumb
Timms Hill
Wisconsin Dells
Wisconsin River
 
Answer Stats
Answer % Correct
Eau Claire
82%
Green Bay
81%
Kenosha
76%
Milwaukee
76%
Madison
74%
Lake Michigan
73%
Door Peninsula
71%
Lake Superior
70%
Lake Winnebago
68%
Oshkosh
68%
Sheboygan
68%
Wisconsin Dells
68%
Fox River
64%
Wisconsin River
64%
Apostle Islands
62%
Kettle Moraine
56%
National Historic Cheesemaking Center Museum
53%
Peshtigo Fire Museum
48%
Laura Ingalls Wilder Cabin
42%
Timms Hill
32%
No matching quizzes found
Score Distribution
Percent of People with Each Score
Percentile by Number Answered
Your Score History
You have not taken this quiz